Statistics for Portuguese House Vocabulary

Click here to take the quiz!

General Stats

  • This quiz has been taken 126 times
  • The average score is 21 of 40

Answer Stats

HintAnswer% Correct
doorporta
93%
kitchencozinha
86%
wallparede
83%
floorchão
82%
windowjanela
81%
garagegaragem
79%
gardenjardim
79%
yardjardim
79%
bedroomquarto
79%
inside (prep)dentro (de)
76%
entranceentrada
76%
poolpiscina
74%
outside (prep)fora (de)
72%
stairsescada
71%
patiopátio
67%
ceilingteto
67%
tileazulejo
64%
living roomsala de estar
58%
air conditioningar condicionado
53%
carpetcarpete
53%
closetarmário
47%
cornercanto
47%
bathroombanho
46%
heatcalor
46%
hallwaycorredor
46%
rooftelhado
46%
chimneychaminé
43%
atticsótão
39%
vacuumaspirador
36%
lawngramado
36%
(the) insideinterior
33%
basementporão
33%
(the) outsideexterior
32%
grillgrelha
31%
swingbalanço
24%
slideescorregador
19%
porchalpendre
14%
shedgalpão
14%
studysala de estudos
14%
drivewayacesso
13%

Score Distribution

Percentile by Number Answered

Percent of People with Each Score

Your Score History

You have not taken this quiz